000 00593nam a2200181 i 4500
001 30219
003 ES-MaACL
005 20230906154146.0
007 t|
008 030124s1880 fr ||||1| fre d
100 1 _aBarrande, Joachim.
_925849
245 1 3 _aDu maintien de la nomenclature établie par M. Murchison /
_cpar M. J. Barrande.
260 _aParis :
_b[s.n.],
_c1880 (
_fImp. Nationale)
300 _a8 p.
500 _aExtrait des Comptes rendus des Congrès de l'Exposition de 1878.
711 2 _aExposition Universelle (
_d1878.
_cParis)
_9135143
852 _aES-MaACL
_jT-903-F-1
999 _c30219
_d30219